MARC

LEADER 00000nam0a2200000 4500
001 322150
005 20231102003439.0
035 |a (RuTPU)RU\TPU\book\347706 
090 |a 322150 
100 |a 20160919d1976 k y0rusy50 ca 
101 0 |a rus 
102 |a RU 
105 |a a z 001zy 
200 1 |a Палеогидрогеологический анализ при металлогенических исследованиях  |f Е. А. Басков  |g Всесоюзный научно-исследовательский геологический институт (ВСЕГЕИ) 
210 |a Ленинград  |c Недра  |d 1976 
215 |a 200 с.  |c ил. 
320 |a Библиогр.: с. 187-197 
606 1 |a Палеогидрогеология  |2 stltpush  |3 (RuTPU)RU\TPU\subj\47980  |9 66863 
610 1 |a металлогенические исследования 
610 1 |a палеогидрогеологический анализ 
610 1 |a палеогидрогеохимический анализ 
610 1 |a палеогидрогеодинамический анализ 
610 1 |a палеогидрогеотермический анализ 
610 1 |a применение 
610 1 |a гидротермальные месторождения 
675 |a 556.3  |v 3 
700 1 |a Басков  |b Е. А.  |g Евгений Алексеевич 
712 0 2 |a Всесоюзный научно-исследовательский геологический институт (ВСЕГЕИ)  |c (Ленинград)  |c (1939-1991)  |2 stltpush  |3 (RuTPU)RU\TPU\col\11367 
801 1 |a RU  |b 63413507  |c 20160919 
801 2 |a RU  |b 63413507  |c 20161017  |g RCR 
942 |c BK